书目信息 |
| 题名: |
思想政治工作新探
|
|
| 作者: | 刘作生 主编 | |
| 分册: | ||
| 出版信息: | 北京 中国工人出版社 1999 |
|
| 页数: | 723页 | |
| 开本: | 20cm | |
| 丛书名: | ||
| 单 册: | ||
| 中图分类: | D64 | |
| 科图分类: | 38.13 | |
| 主题词: | 政治工作--中国--文集 | |
| 电子资源: | ||
| ISBN: | 7-5008-2325-8 | |
| 000 | 00722nam0 2200241 45 | |
| 001 | 0192024362 | |
| 005 | 20070720142426.07 | |
| 010 | @a7-5008-2325-8@dCNY30.00 | |
| 100 | @a19921218d1999 em y0chiy0121 ea | |
| 101 | 0 | @achi |
| 102 | @aCN@b110000 | |
| 105 | @ay z 000yy | |
| 200 | 10 | @a思想政治工作新探@ASI XIANG ZHENG ZHI GONG ZUO XIN TAN@f刘作生主编@Fliu zuo sheng zhu bian |
| 210 | @a北京@c中国工人出版社@d1999 | |
| 215 | @a723页@d20cm | |
| 330 | @a本书探索了在国家改革开放时期思想政治工作的新规律。 | |
| 540 | 1 | @a政工@Azheng gong |
| 606 | @a政治工作@y中国@x文集 | |
| 690 | @aD64@v三版 | |
| 692 | @a38.13 | |
| 701 | 0 | @a刘作生@Aliu zuo sheng@4主编 |
| 801 | 0 | @aCN@bTSSF@c20070720 |
| 905 | @a10447@dD64@e123 | |
| 思想政治工作新探/刘作生主编.-北京:中国工人出版社,1999 |
| 723页;20cm |
| ISBN 7-5008-2325-8:CNY30.00 |
| 本书探索了在国家改革开放时期思想政治工作的新规律。 |
| ● |
| 相关链接 |
|
|
|
|
正题名:思想政治工作新探
索取号:D64/123
 
预约/预借
| 序号 | 登录号 | 条形码 | 馆藏地/架位号 | 状态 | 备注 |
| 1 | 0765226 | 207652262 | 第一样本阅览室/ [索取号:D64/123] | 在馆 | |
| 2 | 0766199 | 207661993 | 密集书库/ [索取号:D64/123] | 在馆 |